Ultimate Demon Slayer: Kimetsu no Yaiba Quiz - Statistics

General Stats
  • This quiz has been taken 603 times
  • The average score is 13 of 30
Answer Stats
Hint Answer % Correct
The main character Tanjiro Kamado
93%
The real-life person Muzan looks like Michael Jackson
89%
Who is in the box Tanjiro carries? Nezuko
80%
What is the name of the highest rank in the Demon Slayer Corp? Hashira
79%
What is the full name of the Flame Hashira? Kyojuro Rengoku
72%
Is the manga over? (yes or no) Yes
72%
What is the name of the breathing technique Shinobu uses? Insect Breathing
67%
What is the breathing form that Tanjiro uses? (Not Water) Sun Breathing
64%
What is the name of the arc with Uzui? Entertainment District
58%
Who is the person who helps Tanjiro and Nezuko when she turns into a demon? Giyu Tomioka
56%
What is the name of the character with a boars head? Inosuke Hashibira
52%
What era does Demon Slayer take place? Taisho
52%
Who is Daki's elder brother? Gyutaro
50%
What is the breathing technique does Kokushibo use? Moon Breathing
47%
What is the name of Tanjiro's earrings? Hanafuda
44%
What's the Thunder Breathing form Zenitsu uses? Thunderclap and Flash
42%
What food did Mitsuri eat so much it caused her hair color to change? Sakura Mochi
39%
How many volumes of Demon Slayer are there? 23
35%
Who is the author of the manga? Koyoharu Gotouge
34%
What material are the Demon Slayers swords made of? Nichirin
33%
What will Tanjiro, Giyu and Urokodaki do if Nezuko eats someone? Seppuku
22%
What is the name of the demons special powers that they use? Blood Demon Arts
20%
What are the name of Muzans upper demons? Twelve Kizuki
17%
What did Tanjiro do before he became a Demon Slayer? Sell Charcoal
16%
What is the round part above the hilt on a Katana? Tsuba
7%
What is the Demon Slayer show rated? TV-MA
7%
How much does a Demon Slayer episode cost to make? (In dollars) 80000
6%
What does the symbol say on the back of the Demon Slayer uniform? Destroyer of Demons
5%
What was the budget for the Mugen Train Movie? (In dollars 15000000
2%
What material is the top of Inosuke's pants? Deer Fur
2%
No matching quizzes found
Score Distribution
Percent of People with Each Score
Percentile by Number Answered
Your Score History
You have not taken this quiz